000 003920000a22001450004500
060 _a100
082 _a371.302 8 KOC
100 _aKochhar, S.K.
245 _aMethods and techniques of teaching
260 _aNewdelhi, Sterling Publishers private Ltd
260 _c1977
300 _a382
650 _aTeaching - method/ teaching - techniques/ teaching - learning process
942 _cBK
999 _c350717
_d350717